Welcome to WEB OPAC of MRSPTU Central Library

Project management and entrepreneurship (Record no. 5561)

MARC details
000 -LEADER
fixed length control field 00463nam a2200181Ia 4500
008 - FIXED-LENGTH DATA ELEMENTS--GENERAL INFORMATION
fixed length control field 230711s9999||||xx |||||||||||||| ||und||
020 ## - INTERNATIONAL STANDARD BOOK NUMBER
International Standard Book Number 978-81-272-6013-2
041 ## - LANGUAGE CODE
Language code of text/sound track or separate title ENG
082 ## - DEWEY DECIMAL CLASSIFICATION NUMBER
Classification number 658
Item number JO-P
100 ## - MAIN ENTRY--PERSONAL NAME
Personal name Joshi,Rosy
245 #0 - TITLE STATEMENT
Title Project management and entrepreneurship
250 ## - EDITION STATEMENT
Edition statement 1st . Ed.
260 ## - PUBLICATION, DISTRIBUTION, ETC.
Date of publication, distribution, etc. 2013
Place of publication, distribution, etc. New Delhi
Name of publisher, distributor, etc. Kalyani Publishers House
300 ## - PHYSICAL DESCRIPTION
Extent 657
650 ## - SUBJECT ADDED ENTRY--TOPICAL TERM
Topical term or geographic name entry element UNIVESITY BUSNIESS SCHOOL
700 ## - ADDED ENTRY--PERSONAL NAME
Personal name Munish,Kapil
942 ## - ADDED ENTRY ELEMENTS (KOHA)
Koha item type Book
Holdings
Withdrawn status Lost status Damaged status Not for loan Collection Home library Current library Date acquired Total checkouts Full call number Barcode Date last seen Date last checked out Price effective from Koha item type
          MRSPTU Central Library MRSPTU Central Library   1 658 JO-P 25001 03/26/2024 03/07/2024 08/17/2023 Book
          MRSPTU Central Library MRSPTU Central Library     658 JO-P 25002 08/17/2023   08/17/2023 Book
          MRSPTU Central Library MRSPTU Central Library     658 JO-P 25003 08/17/2023   08/17/2023 Book
          MRSPTU Central Library MRSPTU Central Library   5 658 JO-P 25004 12/18/2025 11/24/2025 08/17/2023 Book
          MRSPTU Central Library MRSPTU Central Library   4 658 JO-P 25005 06/06/2024 05/02/2024 08/17/2023 Book
          MRSPTU Central Library MRSPTU Central Library   1 658 JO-P 25006 03/22/2024 03/07/2024 08/17/2023 Book
          MRSPTU Central Library MRSPTU Central Library   5 658 JO-P 25007 09/10/2025 08/12/2025 08/17/2023 Book
          MRSPTU Central Library MRSPTU Central Library   1 658 JO-P 25008 03/22/2024 03/07/2024 08/17/2023 Book
          MRSPTU Central Library MRSPTU Central Library   1 658 JO-P 25009 08/27/2025 08/13/2025 08/17/2023 Book
          MRSPTU Central Library MRSPTU Central Library     658 JO-P 25010 08/17/2023   08/17/2023 Book
          MRSPTU Central Library MRSPTU Central Library     658 JO-P 25011 08/17/2023   08/17/2023 Book
          MRSPTU Central Library MRSPTU Central Library   6 658 JO-P 25012 12/09/2025 11/14/2025 08/17/2023 Book
          MRSPTU Central Library MRSPTU Central Library     658 JO-P 25013 08/17/2023   08/17/2023 Book
          MRSPTU Central Library MRSPTU Central Library   3 658 JO-P 25014 08/27/2025 08/27/2025 08/17/2023 Book
          MRSPTU Central Library MRSPTU Central Library   1 658 JO-P 25015 11/14/2025 11/04/2025 08/17/2023 Book
          MRSPTU Central Library MRSPTU Central Library   1 658 JO-P 25016 11/18/2025 11/18/2025 08/17/2023 Book
          MRSPTU Central Library MRSPTU Central Library     658 JO-P 25017 08/17/2023   08/17/2023 Book
          MRSPTU Central Library MRSPTU Central Library   1 658 JO-P 25018 05/27/2025 05/22/2025 08/17/2023 Book
          MRSPTU Central Library MRSPTU Central Library     658 JO-P 25019 08/17/2023   08/17/2023 Book
          MRSPTU Central Library MRSPTU Central Library   1 658 JO-P 25020 03/12/2024 03/07/2024 08/17/2023 Book

Website Designed and Developed by MRSPTU Central Library Team

E-mail Id: librarian@mrsptu.ac.in